000 00471nam a2200193Ia 4500
008 101110s9999 xx 000 0 und d
041 _aENGLISH
082 _bJR1911
100 _aBaliga, Shetty, Chandratre
245 _aElements of Chemistry XII
365 _b27.25
520 _aChemistry
546 _aENGLISH
630 _aElements of Chemistry XII
650 _aChemistry
655 _aChemistry
730 _aElements of Chemistry XII
942 _cBOOK
999 _c793954
_d793951